Dragon Age : les compagnons - Statistiques

Statistiques générales
  • Ce quiz a été pris 16 fois
  • Le résultat moyen est 26 sur 38
Statistiques - réponses
Jeux Classes Compagnons % Correct
DA 2 / Inquisition voleur Varric Tethras
100%
DA 1 guerrier Alistair Theirin
80%
Awakening / DA 2 mage Anders / Justice / Vengeance
80%
DA 1 guerrier Chien
80%
Inquisition mage Dorian Pavus
80%
DA 2 guerrier Fenris
80%
Inquisition guerrier Iron Bull
80%
The Veilguard voleur Lace Harding
80%
DA 1 voleur Leliana
80%
DA 1 mage Morrigan
80%
The Veilguard mage Neve Gallus
80%
Inquisition voleur Sera
80%
DA 1 guerrier Sten
80%
DA 1 voleur Zevran Aranai
80%
DA 2 guerrier Aveline Vallen
60%
The Veilguard mage Bellara Lutare
60%
DA 2 mage Bethany Hawke
60%
DA 2 guerrier Carver Hawke
60%
Inquisition guerrier Cassandra Pentaghast
60%
Inquisition voleur Cole
60%
The Veilguard guerrier Davrin
60%
Inquisition guerrier Gordon Blackwall / Thom Rainier
60%
DA 2 voleur Isabela
60%
Awakening guerrier Justice (Kristoff)
60%
DA 1 guerrier Loghain Mac Tir
60%
The Veilguard voleur Lucanis Dellamorte
60%
DA 2 / DA 1 (temporaire) mage Merrill
60%
Awakening voleur Nathaniel Howe
60%
DA 1 / Awakening guerrier Oghren
60%
DA 2 voleur Sebastian Vael
60%
DA 1 guerrier Shale / Shayle Cadash
60%
Awakening voleur Sigrun
60%
Inquisition mage Solas
60%
The Veilguard guerrier Taash
60%
Awakening mage Velanna
60%
Inquisition mage Vivienne
60%
DA 1 mage Wynne
60%
The Veilguard mage Emmrich Volkarin
40%
Aucun quiz correspondant
Distribution des résultats
% des personnes avec chaque résultat
Percentile par nombre de réponses
Votre historique - résultats
Vous n’avez pas pris ce quiz